Le francais les études internationales

Zapisane w:
Opis bibliograficzny
1. autor: Trịnh Thị Thu Hồng
Format: Książka
Język:Undetermined
Wydane: H. ĐHQG 2003
Hasła przedmiotowe:
Etykiety: Dodaj etykietę
Nie ma etykietki, Dołącz pierwszą etykiete!
Thư viện lưu trữ: Trung tâm Học liệu Trường Đại học Cần Thơ
LEADER 00534nam a2200193Ia 4500
001 CTU_55599
008 210402s9999 xx 000 0 und d
020 |b 18600 
082 |a 448.24 
082 |b H455 
100 |a Trịnh Thị Thu Hồng 
245 0 |a Le francais les études internationales 
245 0 |c Trịnh Thị Thu Hồng 
260 |a H. 
260 |b ĐHQG 
260 |c 2003 
650 |a french language 
650 |x textbooks for foreign speakers 
980 |a Trung tâm Học liệu Trường Đại học Cần Thơ